000 00657nam a2200241Ia 4500
003 GCL
008 140319s9999 xx 000 0 eng d
020 _a1857150759
040 _aGCL /
_cGCL
082 0 4 _a833
_bK T
100 1 _aKAFKA, FRANZ
245 1 0 _aTHE TRIAL /
_cKAFKA, FRANZ
700 1 _aSTEINER, GEORGE
700 1 _aMUIR, WILLA
700 1 _aBUTLER, E.M.
260 _aانجلترا :
_bEVERYMAN'S LIBRARY ،
_c1992
300 _a21 CM ؛
_cXXXIII, 299 P
490 _aTHE MILLENNIUM LIBRARY
_v75
650 0 4 _aLITERATURE
650 0 4 _aGERMAN LITERATURE
650 0 4 _aGERMAN LITERATURE - TRANSLATION INTO ENGLISH
942 _2ddc
_cBK
999 _c5198
_d5198